LIBRARY & INFORMATION CENTRE, KCAET, TAVANUR

ONLINE PUBLIC ACCESS CATALOGUE (OPAC)

Mechnical engineer`s hand book : Manufacturing and management / (Record no. 13358)

MARC details
000 -LEADER
fixed length control field 00416cam a2200157ua 4500
041 ## - LANGUAGE CODE
Language code of text/sound track or separate title eng
082 ## - DEWEY DECIMAL CLASSIFICATION NUMBER
Classification number 621.02
Item number KUT/ME
100 ## - MAIN ENTRY--AUTHOR NAME
Personal name Kutz, Myer .
245 00 - TITLE STATEMENT
Title Mechnical engineer`s hand book : Manufacturing and management /
260 ## - PUBLICATION, DISTRIBUTION, ETC. (IMPRINT)
Place of publication London :
Name of publisher John Wiley & Sons ,
Year of publication 2006.
300 ## - PHYSICAL DESCRIPTION
Number of Pages 824 ; .
500 ## - GENERAL NOTE
General note Book- 3
942 ## - ADDED ENTRY ELEMENTS (KOHA)
Koha item type Books
Holdings
Withdrawn status Lost status Damaged status Home library Current library Date acquired Full call number Accession Number Koha item type
      KAUAET KAUAET 07/04/2012 621.02 21701 Reference
free website counter